The way we live now (Record no. 114234)

MARC details
000 -LEADER
fixed length control field 01719cad a22002895a 4500
001 - CONTROL NUMBER
control field L156392
008 - FIXED-LENGTH DATA ELEMENTS--GENERAL INFORMATION
fixed length control field 120516s2012 xxk f 000 0 eng d
035 ## - SYSTEM CONTROL NUMBER
System control number (Sirsi) u156392
041 0# - LANGUAGE CODE
Language code of text/sound track or separate title eng
100 1# - MAIN ENTRY--PERSONAL NAME
Personal name Finlay, Stephen
110 2# - MAIN ENTRY--CORPORATE NAME
Corporate name or jurisdiction name as entry element Ipsos Mori
9 (RLIN) 6076
110 2# - MAIN ENTRY--CORPORATE NAME
Corporate name or jurisdiction name as entry element Royal Institute of British Architects
9 (RLIN) 2527
245 04 - TITLE STATEMENT
Title The way we live now
Remainder of title What people need and expect from their homes
Medium [electronic resource]
260 ## - PUBLICATION, DISTRIBUTION, ETC.
Place of publication, distribution, etc. [S.l]
Name of publisher, distributor, etc. ?IPSOS MORI
Date of publication, distribution, etc. 2012
260 ## - PUBLICATION, DISTRIBUTION, ETC.
Place of publication, distribution, etc. [S.l]
Name of publisher, distributor, etc. RIBA
Date of publication, distribution, etc. 2012
520 ## - SUMMARY, ETC.
Summary, etc. Looks at the needs and expectations people have for their homes, how they use the space in their homes and how they choose a new property. A qualitative approach was selected in order to uncover in-depth insights and detail on the experiences of UK householders. Five ethnographic interviews were carried out with participants in a range of housing situations and four discussion groups were conducted with members of the general public who were all looking to buy an affordable new home in the next 12 months. Research commissioned from Ipsos MORI by the RIBA for the independent Future Homes Commission?s investigation into how the UK can build enough of the right kind of homes for modern British households.
590 ## - LOCAL NOTE (RLIN)
Local note KA NTK
651 #4 - SUBJECT ADDED ENTRY--GEOGRAPHIC NAME
Geographic name United Kingdom
Chronological subdivision
690 ## - LOCAL SUBJECT ADDED ENTRY--TOPICAL TERM (OCLC, RLIN)
Topical term or geographic name as entry element Design and specification
690 ## - LOCAL SUBJECT ADDED ENTRY--TOPICAL TERM (OCLC, RLIN)
Topical term or geographic name as entry element Residential property
9 (RLIN) 6266
700 1# - ADDED ENTRY--PERSONAL NAME
Personal name Pereira, Isabella
700 1# - ADDED ENTRY--PERSONAL NAME
Personal name Fryer-Smith, Ella
700 1# - ADDED ENTRY--PERSONAL NAME
Personal name Charlton, Anne
700 1# - ADDED ENTRY--PERSONAL NAME
Personal name Roberts-Hughes, Rebecca
856 40 - ELECTRONIC LOCATION AND ACCESS
Uniform Resource Identifier <a href="https://www.architecture.com/Files/RIBAHoldings/PolicyAndInternationalRelations/HomeWise/ThewaywelivenowRIBAIpsosMORIMay2012.pdf">https://www.architecture.com/Files/RIBAHoldings/PolicyAndInternationalRelations/HomeWise/ThewaywelivenowRIBAIpsosMORIMay2012.pdf</a>
Public note View the item free of charge from the www.architecture.com
942 ## - ADDED ENTRY ELEMENTS (KOHA)
Suppress in OPAC 0
Holdings
Withdrawn status Lost status Source of classification or shelving scheme Damaged status Not for loan Home library Current library Shelving location Date acquired Total Checkouts Full call number Barcode Date last seen Copy number Price effective from Koha item type
    Dewey Decimal Classification     Virtual Virtual Online 16/05/2012   ONLINE PUBLICATION 156392-2001 06/08/2019 1 06/08/2019 Book